|
|
|
|
| LEADER |
00000nam1a2200000 4500 |
| 001 |
82652 |
| 005 |
20231031095821.0 |
| 010 |
|
|
|a 5030007334
|
| 020 |
|
|
|a RU
|b 88-83465
|
| 035 |
|
|
|a (RuTPU)RU\TPU\book\88826
|
| 090 |
|
|
|a 82652
|
| 100 |
|
|
|a 20051005d1977 m y0rusy5003 ca
|
| 101 |
0 |
|
|a rus
|
| 200 |
1 |
|
|a Звезды: их рождение, жизнь и смерть
|f И. С. Шкловский
|
| 205 |
|
|
|a 2-е изд.
|
| 210 |
|
|
|a Москва
|c Наука
|d 1977
|
| 215 |
|
|
|a 384 с.
|c ил.
|d 22 см
|
| 610 |
1 |
|
|a звезды
|
| 610 |
1 |
|
|a рождение
|
| 610 |
1 |
|
|a жизнь
|
| 610 |
1 |
|
|a смерть
|
| 675 |
|
|
|a 523.8
|v 3
|
| 700 |
|
1 |
|a Шкловский
|b И. С.
|g Иосиф Самуилович
|
| 801 |
|
0 |
|a RU
|b RuMRKP
|c 19950417
|g psbo
|
| 801 |
|
1 |
|a RU
|b 63413507
|c 20051005
|g PSBO
|
| 801 |
|
2 |
|a RU
|b 63413507
|c 20051216
|g PSBO
|
| 942 |
|
|
|c BK
|